[Event "Collado Villalba op-B 35th"]
[Site "Collado Villalba ESP"]
[Date "2018.08.28"]
[Round "5.5"]
[White "Fernandez Estremera, Fernando"]
[Black "Lizon Martinez, Santiago"]
[Result "1-0"]
[WhiteElo "1830"]
[BlackElo "1715"]
[PlyCount "71"]
[EventDate "2018.08.24"]
[EventType "swiss"]
[EventRounds "9"]
[EventCountry "ESP"]
[SourceTitle "Ajedrez en Madrid"]
[Source "lmi"]
[SourceDate "2018.08.24"]

1. d4 Nf6 2. Nc3 d5 3. Bg5 e6 4. e4 Be7 5. e5 Nfd7 6. h4 a6 7. Qg4 f5 8. exf6
Nxf6 9. Qg3 Bd6 10. Qe3 O-O 11. Nf3 Qe8 12. Bxf6 Rxf6 13. Nxd5 Rf5 14. Nc3 Bf4
15. Qe4 Nd7 16. Bc4 Rf6 17. Nd5 Bd6 18. Nxf6+ Nxf6 19. Qe2 Qg6 20. O-O-O Qf5
21. Rhe1 Kh8 22. Kb1 Qg6 23. g3 Bd7 24. Ne5 Bxe5 25. dxe5 Nd5 26. Bxd5 exd5 27.
Rxd5 Be6 28. Rd2 Qf7 29. a3 h6 30. Qe4 c6 31. f4 Re8 32. Red1 Bd5 33. Rxd5 cxd5
34. Qxd5 Qg6 35. Qf3 Rc8 36. f5 1-0

[Event "Collado Villalba op-B 35th"]
[Site "Collado Villalba ESP"]
[Date "2018.08.28"]
[Round "5.7"]
[White "Liceras Ruiz, Manuel"]
[Black "Tevar Sanz, Gonzalo"]
[Result "1-0"]
[WhiteElo "1642"]
[BlackElo "1757"]
[PlyCount "99"]
[EventDate "2018.08.24"]
[EventType "swiss"]
[EventRounds "9"]
[EventCountry "ESP"]
[SourceTitle "Ajedrez en Madrid"]
[Source "lmi"]
[SourceDate "2018.08.24"]

1. c4 Nf6 2. Nc3 e5 3. Nf3 d6 4. g3 c6 5. Bg2 Be7 6. O-O Be6 7. d3 Qd7 8. Ng5
Bf5 9. e4 Bg4 10. f3 Bh5 11. Qe1 h6 12. Nh3 Qc7 13. g4 Bg6 14. Qg3 h5 15. g5 h4
16. Qe1 Nh7 17. f4 exf4 18. Bxf4 Qb6+ 19. Kh1 Nd7 20. Be3 Qa5 21. Qxh4 O-O-O
22. Qg4 Kb8 23. d4 Nhf8 24. Nf4 Qxg5 25. Qxg5 Bxg5 26. Nxg6 Bxe3 27. Nxh8 f6
28. Nf7 Re8 29. Nxd6 Re6 30. Nf5 Bg5 31. Nxg7 Re7 32. Nf5 Rh7 33. h3 Ng6 34.
Kg1 Ndf8 35. Rad1 Ne6 36. Ne2 Nh4 37. Rd3 Ng6 38. h4 Bf4 39. Nxf4 Nexf4 40. Re3
Ne6 41. d5 Nc5 42. d6 Ne5 43. Rg3 Rh8 44. Ne7 Ncd7 45. Rg8+ Rxg8 46. Nxg8 Nf7
47. Nxf6 Nde5 48. d7 Kc7 49. Bh3 Nxc4 50. Ne8+ 1-0

[Event "Collado Villalba op-B 35th"]
[Site "Collado Villalba ESP"]
[Date "2018.08.28"]
[Round "5.8"]
[White "Navas Hernando, Oscar"]
[Black "De Dompablo Fantova, Juan"]
[Result "1/2-1/2"]
[WhiteElo "1790"]
[BlackElo "1638"]
[PlyCount "60"]
[EventDate "2018.08.24"]
[EventType "swiss"]
[EventRounds "9"]
[EventCountry "ESP"]
[SourceTitle "Ajedrez en Madrid"]
[Source "lmi"]
[SourceDate "2018.08.24"]

1. d4 Nf6 2. c4 g6 3. Nc3 Bg7 4. e4 d6 5. Bd3 O-O 6. Nge2 e5 7. d5 a5 8. O-O
Na6 9. h3 Nc5 10. Bc2 Bd7 11. Be3 c6 12. a4 cxd5 13. cxd5 Na6 14. Rc1 Nb4 15.
Bb1 Rc8 16. Qd2 Nh5 17. b3 Na6 18. Bd3 Nc5 19. Bxc5 Rxc5 20. Nb5 Bxb5 21. Bxb5
b6 22. g3 Qc7 23. Bc4 Nf6 24. f3 h5 25. Nc3 Kh7 26. Qd3 Bh6 27. Rc2 Qd8 28. Nd1
Qe7 29. Ne3 Rfc8 30. Re2 R8c7 1/2-1/2

[Event "Collado Villalba op-B 35th"]
[Site "Collado Villalba ESP"]
[Date "2018.08.28"]
[Round "5.9"]
[White "Garcia Varea, Benjamin"]
[Black "Rodriguez del Moral, Angel"]
[Result "1/2-1/2"]
[WhiteElo "1576"]
[BlackElo "1728"]
[PlyCount "73"]
[EventDate "2018.08.24"]
[EventType "swiss"]
[EventRounds "9"]
[EventCountry "ESP"]
[SourceTitle "Ajedrez en Madrid"]
[Source "lmi"]
[SourceDate "2018.08.24"]

1. e4 c5 2. Nf3 Nc6 3. d4 cxd4 4. Nxd4 Nf6 5. Nc3 e5 6. Nxc6 bxc6 7. Bc4 Bb4 8.
f3 d5 9. exd5 cxd5 10. Bb5+ Bd7 11. Qe2 O-O 12. Bxd7 Nxd7 13. Bd2 Nb6 14. a3
Bxc3 15. Bxc3 d4 16. O-O-O Qc7 17. Ba5 Rfe8 18. Rhe1 Qc6 19. Bxb6 axb6 20. Rd3
Rac8 21. Kb1 f5 22. Rc1 Qa4 23. Rb3 e4 24. Rb4 Qd7 25. Rd1 d3 26. cxd3 e3 27.
f4 Rc6 28. d4 Qd5 29. Rd3 Rce6 30. Rbb3 Re4 31. Rxe3 Qxd4 32. Rxe4 fxe4 33. Qe3
Qd1+ 34. Ka2 Qd8 35. Kb1 Qd1+ 36. Ka2 Qd5 37. Kb1 1/2-1/2

[Event "Collado Villalba op-B 35th"]
[Site "Collado Villalba ESP"]
[Date "2018.08.28"]
[Round "5.10"]
[White "Garcia Castineira, Ivan"]
[Black "Teran Gonzalez, Adrian"]
[Result "1-0"]
[WhiteElo "1673"]
[BlackElo "1327"]
[PlyCount "59"]
[EventDate "2018.08.24"]
[EventType "swiss"]
[EventRounds "9"]
[EventCountry "ESP"]
[SourceTitle "Ajedrez en Madrid"]
[Source "lmi"]
[SourceDate "2018.08.24"]

1. d4 d5 2. c4 e6 3. Nf3 Nf6 4. Nc3 Bb4 5. Qb3 Nc6 6. Bg5 Bxc3+ 7. Qxc3 h6 8.
Bxf6 Qxf6 9. e3 O-O 10. Be2 Ne7 11. Ne5 Qg5 12. O-O f6 13. f4 Qh4 14. g3 Qh3
15. Bg4 Qxf1+ 16. Rxf1 fxe5 17. dxe5 b6 18. cxd5 Nxd5 19. Qc6 Nxe3 20. Bxe6+
Bxe6 21. Qxe6+ Kh8 22. Rc1 c5 23. Rc3 Nd1 24. Rd3 Nxb2 25. Rd7 Rfd8 26. f5 Rxd7
27. Qxd7 Rf8 28. Qe7 Kg8 29. f6 gxf6 30. exf6 1-0

[Event "Collado Villalba op-B 35th"]
[Site "Collado Villalba ESP"]
[Date "2018.08.28"]
[Round "5.11"]
[White "Bahillo Vallejo, Ignacio"]
[Black "Lucia Carpintero, Oscar"]
[Result "1/2-1/2"]
[WhiteElo "1415"]
[BlackElo "1659"]
[PlyCount "61"]
[EventDate "2018.08.24"]
[EventType "swiss"]
[EventRounds "9"]
[EventCountry "ESP"]
[SourceTitle "Ajedrez en Madrid"]
[Source "lmi"]
[SourceDate "2018.08.24"]

1. c4 b6 2. Nc3 Bb7 3. b3 g6 4. Bb2 Bg7 5. e3 c5 6. Nf3 e6 7. Be2 Ne7 8. Rb1
O-O 9. O-O Nbc6 10. Nb5 d5 11. Bxg7 Kxg7 12. d4 cxd4 13. Nfxd4 dxc4 14. Bxc4
Nxd4 15. Nxd4 Nd5 16. Bxd5 Qxd5 17. Nf3 Qh5 18. Rc1 Rfd8 19. Qe2 Bxf3 20. Qxf3
Qxf3 21. gxf3 Rd2 22. a4 Rad8 23. Rc7 R8d7 24. Rc4 Rb2 25. Rc3 Rdd2 26. Kg2 h5
27. h4 Rd7 28. Rfc1 Rdd2 29. Rf1 Kf6 30. f4 Kf5 31. Kf3 1/2-1/2

[Event "Collado Villalba op-B 35th"]
[Site "Collado Villalba ESP"]
[Date "2018.08.28"]
[Round "5.12"]
[White "Palomares Cortez, Facundo Sebast"]
[Black "Karunanithi, Bharath"]
[Result "1/2-1/2"]
[WhiteElo "1486"]
[BlackElo "1603"]
[PlyCount "68"]
[EventDate "2018.08.24"]
[EventType "swiss"]
[EventRounds "9"]
[EventCountry "ESP"]
[SourceTitle "Ajedrez en Madrid"]
[Source "lmi"]
[SourceDate "2018.08.24"]

1. e4 c6 2. d4 d5 3. e5 Bf5 4. Nf3 h6 5. Bd3 Bxd3 6. Qxd3 e6 7. O-O Ne7 8. b3
Ng6 9. Ba3 Bxa3 10. Nxa3 Qe7 11. Nb1 O-O 12. Nbd2 Nd7 13. c4 Rfd8 14. Rfe1 Rac8
15. Rab1 Ndf8 16. b4 Nh4 17. Nxh4 Qxh4 18. c5 a6 19. Re3 Ng6 20. g3 Qh5 21. f4
Qg4 22. Qe2 Qxe2 23. Rxe2 Ne7 24. Nb3 Nf5 25. Rd1 h5 26. Kf2 Kh7 27. Ree1 Kh6
28. h4 Kg6 29. Re2 Nh6 30. Kf3 Kf5 31. Rc1 Ng4 32. Rd1 Ra8 33. Na5 Rab8 34. a3
Rdc8 1/2-1/2

[Event "Collado Villalba op-B 35th"]
[Site "Collado Villalba ESP"]
[Date "2018.08.28"]
[Round "5.13"]
[White "Dominguez Coig, Alvaro"]
[Black "Pardo Robles, Jose Manuel"]
[Result "1-0"]
[WhiteElo "1564"]
[BlackElo "1795"]
[PlyCount "63"]
[EventDate "2018.08.24"]
[EventType "swiss"]
[EventRounds "9"]
[EventCountry "ESP"]
[SourceTitle "Ajedrez en Madrid"]
[Source "lmi"]
[SourceDate "2018.08.24"]

1. e4 c5 2. Nf3 d6 3. d4 cxd4 4. Nxd4 Nf6 5. Nc3 e6 6. Be3 a6 7. Qd2 Be7 8.
O-O-O Nc6 9. f3 O-O 10. g4 Nxd4 11. Bxd4 e5 12. Be3 b5 13. g5 Nd7 14. Nd5 Bb7
15. Nxe7+ Qxe7 16. Qxd6 Qxd6 17. Rxd6 Rfd8 18. Bh3 Nf8 19. Rhd1 Rxd6 20. Rxd6
Ng6 21. Rb6 Bc8 22. Bxc8 Rxc8 23. Rxa6 Rb8 24. a4 bxa4 25. Rxa4 Kf8 26. Ra7 Ke8
27. Bc5 h6 28. gxh6 gxh6 29. b4 Rd8 30. b5 Rd7 31. b6 Ne7 32. Bxe7 1-0

[Event "Collado Villalba op-B 35th"]
[Site "Collado Villalba ESP"]
[Date "2018.08.28"]
[Round "5.14"]
[White "Marret, Constantin Pierre"]
[Black "Criado Riesgo, Manuel"]
[Result "1/2-1/2"]
[WhiteElo "1565"]
[BlackElo "1665"]
[PlyCount "100"]
[EventDate "2018.08.24"]
[EventType "swiss"]
[EventRounds "9"]
[EventCountry "ESP"]
[SourceTitle "Ajedrez en Madrid"]
[Source "lmi"]
[SourceDate "2018.08.24"]

1. d4 d5 2. Nf3 Nf6 3. Nbd2 c6 4. g3 Bf5 5. Bg2 Qc8 6. O-O Bh3 7. Re1 Bxg2 8.
Kxg2 e6 9. e4 dxe4 10. Nxe4 Nxe4 11. Rxe4 Be7 12. Bg5 Qd8 13. Bxe7 Qxe7 14. Qd2
Nd7 15. Rg4 f5 16. Rh4 O-O-O 17. Qg5 Nf6 18. Re1 Rhe8 19. c3 h6 20. Qg6 Nd7 21.
Ne5 Nf8 22. Qf7 Qxf7 23. Nxf7 Ng6 24. Rh5 Rd7 25. Ne5 Nxe5 26. Rxe5 Rd5 27.
Rhxf5 Rxe5 28. Rxe5 Kd7 29. f4 Rf8 30. h4 Ke7 31. Kf3 Rf6 32. g4 Kd6 33. b4 b5
34. h5 Rf8 35. Ke4 a5 36. a3 axb4 37. axb4 Ra8 38. f5 exf5+ 39. gxf5 Ra3 40.
Re6+ Kd7 41. Kd3 Ra1 42. Rg6 Rh1 43. Rxg7+ Kd8 44. f6 Ke8 45. Re7+ Kf8 46. Rc7
Rh3+ 47. Kc2 Rxh5 48. Rxc6 Rh2+ 49. Kb3 h5 50. Re6 h4 1/2-1/2

[Event "Collado Villalba op-B 35th"]
[Site "Collado Villalba ESP"]
[Date "2018.08.28"]
[Round "5.15"]
[White "Melcon Diez, Enrique"]
[Black "Caravantes Camacho, Fernando"]
[Result "1-0"]
[WhiteElo "1660"]
[BlackElo "1561"]
[PlyCount "37"]
[EventDate "2018.08.24"]
[EventType "swiss"]
[EventRounds "9"]
[EventCountry "ESP"]
[SourceTitle "Ajedrez en Madrid"]
[Source "lmi"]
[SourceDate "2018.08.24"]

1. c4 e5 2. Nc3 Nc6 3. Nf3 d6 4. d4 exd4 5. Nxd4 Bd7 6. e4 a6 7. Be2 Be7 8. Be3
Bf6 9. Nd5 Nxd4 10. Bxd4 c6 11. Bb6 Qc8 12. Nc7+ Kf8 13. Nxa8 Qxa8 14. Qxd6+
Ke8 15. O-O-O Qc8 16. e5 Bg5+ 17. Kb1 f6 18. Bc5 fxe5 19. Qf8# 1-0

[Event "Collado Villalba op-B 35th"]
[Site "Collado Villalba ESP"]
[Date "2018.08.28"]
[Round "5.17"]
[White "Llanas Del Hoyo, Andres"]
[Black "Pena Hernandez, Francisco"]
[Result "1/2-1/2"]
[WhiteElo "1509"]
[BlackElo "1622"]
[PlyCount "51"]
[EventDate "2018.08.24"]
[EventType "swiss"]
[EventRounds "9"]
[EventCountry "ESP"]
[SourceTitle "Ajedrez en Madrid"]
[Source "lmi"]
[SourceDate "2018.08.24"]

1. d4 d5 2. e3 Nf6 3. f4 g6 4. Bd3 Nc6 5. a3 Bg7 6. Nd2 O-O 7. Ngf3 Bd7 8. O-O
Qc8 9. Qe2 Bf5 10. c4 dxc4 11. Nxc4 Bxd3 12. Qxd3 e6 13. b4 Ne7 14. e4 c6 15.
Bb2 Ne8 16. g3 Qc7 17. e5 Nd5 18. Ne3 a5 19. Nxd5 cxd5 20. Rfc1 Qb6 21. Bc3 a4
22. b5 Nc7 23. Rab1 Rfc8 24. Bd2 Bf8 25. Bb4 Bxb4 26. Rxb4 1/2-1/2

[Event "Collado Villalba op-B 35th"]
[Site "Collado Villalba ESP"]
[Date "2018.08.28"]
[Round "5.18"]
[White "Rodriguez Gomez, Jose"]
[Black "Mejias Gonzalez, Pedro"]
[Result "0-1"]
[WhiteElo "1534"]
[BlackElo "1593"]
[PlyCount "50"]
[EventDate "2018.08.24"]
[EventType "swiss"]
[EventRounds "9"]
[EventCountry "ESP"]
[SourceTitle "Ajedrez en Madrid"]
[Source "lmi"]
[SourceDate "2018.08.24"]

1. e4 d5 2. exd5 Nf6 3. Nc3 Nxd5 4. Nxd5 Qxd5 5. Nf3 Bg4 6. Be2 Nc6 7. O-O
O-O-O 8. c3 e5 9. h3 Bh5 10. Re1 e4 11. Nh2 Bxe2 12. Qxe2 f5 13. Nf1 Bd6 14.
Qe3 Qe5 15. b3 Rhe8 16. Bb2 f4 17. Qe2 f3 18. gxf3 Qg5+ 19. Kh1 Qh4 20. f4
Qxh3+ 21. Kg1 Bxf4 22. Rad1 Ne5 23. f3 Nxf3+ 24. Kf2 Qh4+ 25. Kg2 Rd6 0-1

[Event "Collado Villalba op-B 35th"]
[Site "Collado Villalba ESP"]
[Date "2018.08.28"]
[Round "5.19"]
[White "Centeno Mendoza, Julio Stefano"]
[Black "Palacios Sanchez, Victor"]
[Result "1/2-1/2"]
[WhiteElo "1574"]
[BlackElo "1449"]
[PlyCount "88"]
[EventDate "2018.08.24"]
[EventType "swiss"]
[EventRounds "9"]
[EventCountry "ESP"]
[SourceTitle "Ajedrez en Madrid"]
[Source "lmi"]
[SourceDate "2018.08.24"]

1. e4 c5 2. d4 cxd4 3. c3 d3 4. Bxd3 Nc6 5. f4 e6 6. Nf3 Bc5 7. Qe2 Nge7 8. Be3
Qb6 9. Bxc5 Qxc5 10. b4 Qb6 11. Nbd2 d5 12. a4 d4 13. a5 Qd8 14. cxd4 Nxd4 15.
Qe3 Nec6 16. Nxd4 Qxd4 17. Qxd4 Nxd4 18. O-O Ke7 19. e5 Rd8 20. Rfd1 Bd7 21.
Ne4 Bb5 22. Nc5 Bxd3 23. Rxd3 Ne2+ 24. Kf1 Nxf4 25. Rf3 f6 26. Nxb7 Rdb8 27.
Rxf4 Rxb7 28. exf6+ gxf6 29. Rc1 e5 30. Rfc4 Rd8 31. Ke2 Ke6 32. g4 Rbd7 33.
R1c2 Rd4 34. b5 Rxc4 35. Rxc4 Kd5 36. Rc7 Rb8 37. Rxh7 Rxb5 38. Rxa7 Rb2+ 39.
Ke3 Rxh2 40. Ra6 Rh6 41. Rb6 Rh4 42. Rxf6 Rxg4 43. a6 Rg3+ 44. Rf3 Rxf3+
1/2-1/2

[Event "Collado Villalba op-B 35th"]
[Site "Collado Villalba ESP"]
[Date "2018.08.28"]
[Round "5.20"]
[White "Rojas Fernandez, Antonio"]
[Black "Castro Uceda, Jose Antonio"]
[Result "0-1"]
[WhiteElo "1141"]
[BlackElo "1569"]
[PlyCount "90"]
[EventDate "2018.08.24"]
[EventType "swiss"]
[EventRounds "9"]
[EventCountry "ESP"]
[SourceTitle "Ajedrez en Madrid"]
[Source "lmi"]
[SourceDate "2018.08.24"]

1. e4 c5 2. Nf3 d6 3. d4 cxd4 4. Nxd4 Nf6 5. Nc3 a6 6. Be3 Bg4 7. f3 Bh5 8. g4
Bg6 9. h4 h6 10. Bd3 e6 11. Rg1 Be7 12. g5 Nfd7 13. f4 hxg5 14. hxg5 Nc5 15. f5
Bh5 16. Qd2 e5 17. Nb3 Nbd7 18. Nd5 Nb6 19. Nxe7 Qxe7 20. Nxc5 dxc5 21. Qf2 Rc8
22. f6 gxf6 23. gxf6 Qd6 24. Qf5 Rd8 25. Rg5 Bg6 26. Qxe5+ Qxe5 27. Rxe5+ Kd7
28. Ke2 Rh2+ 29. Kf3 Rdh8 30. Bf4 R2h3+ 31. Kg2 Kc6 32. Re7 c4 33. Be2 R3h4 34.
Kg3 Rh2 35. a4 R8h3+ 36. Kg4 Bh5+ 37. Kg5 Rg2+ 38. Kf5 Bg6+ 39. Ke5 Nd7+ 40.
Kd4 Rxe2 41. Kxc4 Rxc2+ 42. Kb4 Rxb2+ 43. Kc4 Nb6+ 44. Kd4 Rb4+ 45. Ke5 Rh5+
0-1

[Event "Collado Villalba op-B 35th"]
[Site "Collado Villalba ESP"]
[Date "2018.08.28"]
[Round "5.21"]
[White "Fernandez Martinez, Luis"]
[Black "Gallego Romero, Manuel"]
[Result "0-1"]
[WhiteElo "1566"]
[BlackElo "1406"]
[PlyCount "66"]
[EventDate "2018.08.24"]
[EventType "swiss"]
[EventRounds "9"]
[EventCountry "ESP"]
[SourceTitle "Ajedrez en Madrid"]
[Source "lmi"]
[SourceDate "2018.08.24"]

1. e4 e5 2. Nc3 a6 3. Bc4 Nf6 4. d3 Bb4 5. Nge2 Nc6 6. a3 Be7 7. O-O d6 8. f4
O-O 9. f5 b5 10. Ba2 Na7 11. h3 c5 12. g4 b4 13. axb4 cxb4 14. Nd5 Nxd5 15.
Bxd5 Rb8 16. Be3 Nb5 17. Qd2 a5 18. Ra2 Bb7 19. Bc4 Bc6 20. g5 d5 21. exd5 Bxd5
22. Bxd5 Qxd5 23. Rxa5 f6 24. c4 Qd8 25. Rxb5 Rxb5 26. cxb5 fxg5 27. Ng3 Qd7
28. b6 h6 29. Qc2 Rc8 30. Qb3+ Kh8 31. Rc1 Rxc1+ 32. Bxc1 Bc5+ 33. Kf1 Qd4 0-1

[Event "Collado Villalba op-B 35th"]
[Site "Collado Villalba ESP"]
[Date "2018.08.28"]
[Round "5.22"]
[White "Garcia Lopez, Fernando"]
[Black "Andrade Espinoza, Jhamil"]
[Result "1-0"]
[WhiteElo "1558"]
[BlackElo "1221"]
[PlyCount "51"]
[EventDate "2018.08.24"]
[EventType "swiss"]
[EventRounds "9"]
[EventCountry "ESP"]
[SourceTitle "Ajedrez en Madrid"]
[Source "lmi"]
[SourceDate "2018.08.24"]

1. e4 e6 2. d4 d5 3. Nc3 Bb4 4. e5 Nc6 5. a3 Ba5 6. b4 Bb6 7. Be3 a6 8. Nf3 f6
9. Na4 Ba7 10. Nc5 b5 11. Be2 fxe5 12. dxe5 Nge7 13. c3 O-O 14. Ng5 Bxc5 15.
Bxc5 Nxe5 16. Qc2 Rf5 17. h4 h6 18. g4 Nxg4 19. Bxg4 Re5+ 20. Be3 hxg5 21. hxg5
g6 22. O-O-O Nf5 23. Bxf5 Rxf5 24. f4 Bb7 25. Bd4 Rf8 26. Qxg6# 1-0

[Event "Collado Villalba op-B 35th"]
[Site "Collado Villalba ESP"]
[Date "2018.08.28"]
[Round "5.23"]
[White "Benito Alba, Eladio"]
[Black "Ariza del Castillo, Pablo"]
[Result "0-1"]
[WhiteElo "1535"]
[BlackElo "1170"]
[PlyCount "112"]
[EventDate "2018.08.24"]
[EventType "swiss"]
[EventRounds "9"]
[EventCountry "ESP"]
[SourceTitle "Ajedrez en Madrid"]
[Source "lmi"]
[SourceDate "2018.08.24"]

1. d4 g6 2. c4 d6 3. Nc3 Bg7 4. Nf3 Nf6 5. e4 b6 6. Bd3 Bb7 7. O-O O-O 8. Re1
Nbd7 9. Qc2 c5 10. d5 Ne5 11. Nxe5 dxe5 12. f4 exf4 13. Bxf4 Nh5 14. Ne2 Nxf4
15. Nxf4 Qd6 16. Rf1 Be5 17. g3 Bc8 18. Rae1 e6 19. b3 Bd4+ 20. Kg2 e5 21. Ne2
Qd7 22. Nxd4 cxd4 23. Qd2 Qh3+ 24. Kg1 Kg7 25. Qg2 Qh6 26. Rf2 Bh3 27. Qf3 g5
28. Bf1 Bd7 29. g4 Qg6 30. Bd3 Rh8 31. Ref1 Raf8 32. Qf6+ Qxf6 33. Rxf6 Bxg4
34. R6f2 f6 35. Be2 Bxe2 36. Rxe2 Rf7 37. Rf5 Kg6 38. Kg2 Rd7 39. Ref2 Rd6 40.
b4 Rc8 41. Rc2 Rd7 42. Rcf2 Rf7 43. Rc2 h5 44. h3 Kg7 45. h4 d3 46. Rc3 d2 47.
Rf1 gxh4 48. Rd1 Rfc7 49. Rxd2 Rxc4 50. Rcd3 Rxb4 51. d6 Rd4 52. d7 Rd8 53.
Rxd4 exd4 54. Rxd4 Kf7 55. Kh3 Ke7 56. Kxh4 Rxd7 0-1

[Event "Collado Villalba op-B 35th"]
[Site "Collado Villalba ESP"]
[Date "2018.08.28"]
[Round "5.24"]
[White "Rufo Yebra, Benito"]
[Black "Enriquez Pastor, Jorge"]
[Result "0-1"]
[WhiteElo "1425"]
[BlackElo "1430"]
[PlyCount "135"]
[EventDate "2018.08.24"]
[EventType "swiss"]
[EventRounds "9"]
[EventCountry "ESP"]
[SourceTitle "Ajedrez en Madrid"]
[Source "lmi"]
[SourceDate "2018.08.24"]

1. d4 e6 2. Nf3 Nf6 3. Nc3 d5 4. Bf4 c5 5. e3 a6 6. Be5 Nbd7 7. a3 Nxe5 8. Nxe5
Nd7 9. Qf3 Nxe5 10. dxe5 Be7 11. Be2 O-O 12. h4 Qb6 13. Rb1 Qa5 14. O-O Bd7 15.
h5 h6 16. Qg3 Bc6 17. Bf3 Qc7 18. b4 cxb4 19. axb4 Bd7 20. Rb3 a5 21. bxa5 Rxa5
22. Rfb1 Rb8 23. Qf4 Ra3 24. Nb5 Bxb5 25. Rxb5 Rc3 26. Bd1 Rc4 27. Qf3 Re4 28.
c4 Rxc4 29. Qe2 Rc3 30. R5b3 Rxb3 31. Bxb3 Qxe5 32. Bd1 Qc7 33. Qd3 Qc4 34. Qd2
b6 35. Be2 Qa4 36. Bd3 Bc5 37. Qc3 Rf8 38. Qe5 Qh4 39. Be2 Qe4 40. Qb2 Qh4 41.
Qb5 Qe4 42. Bd3 Qe5 43. Be2 Qc3 44. Qa6 Qa5 45. Ra1 Qxa6 46. Rxa6 f5 47. Ra4
Rc8 48. g4 fxg4 49. Bxg4 Kf7 50. Ra7+ Kf6 51. Kg2 Rc6 52. Ra8 b5 53. Bf3 Rb6
54. e4 d4 55. Rc8 Bd6 56. Be2 e5 57. Rc1 b4 58. Rb1 b3 59. Kf1 b2 60. Ke1 Ba3
61. Bd3 Rc6 62. Rd1 Rc1 63. Ke2 Bb4 64. Bb1 Kg5 65. f3 g6 66. hxg6 Kxg6 67. Rf1
Bc3 68. Kf2 0-1

[Event "Collado Villalba op-B 35th"]
[Site "Collado Villalba ESP"]
[Date "2018.08.28"]
[Round "5.25"]
[White "Buergo Villanueva, Fernando"]
[Black "Fernandez Garcia, Emiliano"]
[Result "0-1"]
[WhiteElo "1272"]
[BlackElo "1545"]
[PlyCount "106"]
[EventDate "2018.08.24"]
[EventType "swiss"]
[EventRounds "9"]
[EventCountry "ESP"]
[SourceTitle "Ajedrez en Madrid"]
[Source "lmi"]
[SourceDate "2018.08.24"]

1. d4 d5 2. Nf3 Nf6 3. h3 e6 4. Bf4 c5 5. c3 Nc6 6. e3 Qb6 7. Qc2 cxd4 8. a4
dxe3 9. Bxe3 Bc5 10. Bxc5 Qxc5 11. Bb5 Bd7 12. O-O O-O 13. Bxc6 Bxc6 14. b4 Qd6
15. Nbd2 Rfe8 16. Rad1 Qc7 17. Rfe1 Rad8 18. b5 Bd7 19. Ne5 Bc8 20. Ndf3 h6 21.
Rd4 Ne4 22. c4 f6 23. Ng6 e5 24. Rdd1 Bf5 25. Ngh4 Bh7 26. Qa2 Qxc4 27. Qxc4
dxc4 28. Rc1 Rc8 29. Red1 c3 30. Ne1 Nd2 31. g4 Nb3 32. Nf5 Bxf5 33. gxf5 Nxc1
34. Rxc1 Red8 35. Nc2 Rd2 36. Kf1 Kf8 37. Ke1 Rd4 38. Nxd4 exd4 39. Ke2 Rc4 40.
Kd3 Rxa4 41. Rc2 Ke7 42. Re2+ Kd6 43. f4 a6 44. Re6+ Kd7 45. b6 Rb4 46. Re1 a5
47. h4 a4 48. Rg1 a3 49. Rxg7+ Kc6 50. Rg6 a2 51. Rxf6+ Kc5 52. Re6 a1=Q 53.
Re2 Qa6+ 0-1

[Event "Collado Villalba op-B 35th"]
[Site "Collado Villalba ESP"]
[Date "2018.08.28"]
[Round "5.26"]
[White "Rapaport, Andres Natalio"]
[Black "Martinez Martinez, Antonio"]
[Result "1-0"]
[WhiteElo "1277"]
[BlackElo "1480"]
[PlyCount "97"]
[EventDate "2018.08.24"]
[EventType "swiss"]
[EventRounds "9"]
[EventCountry "ESP"]
[SourceTitle "Ajedrez en Madrid"]
[Source "lmi"]
[SourceDate "2018.08.24"]

1. d4 g6 2. Bf4 d6 3. Nf3 c6 4. e3 Bg4 5. Be2 Nf6 6. Nbd2 Bg7 7. O-O Nbd7 8. h3
Be6 9. Bd3 d5 10. Ng5 Nf8 11. Ndf3 Bd7 12. Ne5 Be6 13. Rc1 Nh5 14. Nxe6 Nxe6
15. Bh2 O-O 16. Be2 Nf6 17. c4 dxc4 18. Rxc4 Qb6 19. Rc2 Qd8 20. Qd3 Nd5 21.
Qb3 f6 22. Nf3 Qd7 23. Rfc1 a5 24. Bc4 a4 25. Qa3 b5 26. Bxd5 cxd5 27. Qc3 f5
28. Ne5 Bxe5 29. Bxe5 Ra7 30. b3 axb3 31. Qxb3 Rfa8 32. Rb1 Rb7 33. a3 Raa7 34.
Rbc1 Ra8 35. Qc3 Rba7 36. Qc6 Qxc6 37. Rxc6 Kf7 38. Rb6 Nc7 39. Bxc7 Rxa3 40.
Rxb5 Rc8 41. Rb8 Rxb8 42. Bxb8 Rb3 43. Be5 Ke6 44. g4 fxg4 45. hxg4 Kd7 46.
Rc7+ Kd8 47. Kg2 Rb2 48. Rc5 e6 49. Rc7 1-0

[Event "Collado Villalba op-B 35th"]
[Site "Collado Villalba ESP"]
[Date "2018.08.28"]
[Round "5.27"]
[White "Perez Rodrigo, Alicia"]
[Black "Martin Rodriguez, Jose Luis"]
[Result "1-0"]
[WhiteElo "1351"]
[BlackElo "1266"]
[PlyCount "61"]
[EventDate "2018.08.24"]
[EventType "swiss"]
[EventRounds "9"]
[EventCountry "ESP"]
[SourceTitle "Ajedrez en Madrid"]
[Source "lmi"]
[SourceDate "2018.08.24"]

1. d4 Nf6 2. c4 e6 3. Nc3 Bb4 4. Qc2 O-O 5. Bg5 d5 6. e3 c5 7. dxc5 dxc4 8.
Bxc4 Bxc5 9. Nf3 Be7 10. O-O Nbd7 11. Rfd1 Ng4 12. Bxe7 Qxe7 13. Bd3 Ndf6 14.
h3 Nh6 15. g4 g5 16. Nxg5 Nf5 17. gxf5 e5 18. Kh1 Kh8 19. Rg1 Rg8 20. Bc4 Rg7
21. Rad1 Bd7 22. Qb3 Bc6+ 23. Kh2 Rf8 24. Qc2 h6 25. Nge4 Rd8 26. Rxg7 Kxg7 27.
Rg1+ Kh7 28. Nxf6+ Qxf6 29. Ne4 Qh4 30. Rg4 Qh5 31. Nf6+ 1-0

[Event "Collado Villalba op-B 35th"]
[Site "Collado Villalba ESP"]
[Date "2018.08.28"]
[Round "5.29"]
[White "Criado Herrero, Luis"]
[Black "Penas Merino, Ramona"]
[Result "0-1"]
[WhiteElo "1488"]
[BlackElo "1440"]
[PlyCount "58"]
[EventDate "2018.08.24"]
[EventType "swiss"]
[EventRounds "9"]
[EventCountry "ESP"]
[SourceTitle "Ajedrez en Madrid"]
[Source "lmi"]
[SourceDate "2018.08.24"]

1. e4 e6 2. Nf3 d5 3. exd5 exd5 4. d4 Bd6 5. Nc3 c6 6. Be2 Ne7 7. Be3 O-O 8.
Qd2 Bg4 9. h3 Be6 10. Ng5 Qc8 11. g4 f6 12. Nxe6 Qxe6 13. O-O-O Nd7 14. f4 b5
15. f5 Qf7 16. Bd3 Nb6 17. g5 Nc4 18. Bxc4 bxc4 19. Rhf1 Qh5 20. Qg2 fxg5 21.
Bxg5 Rxf5 22. h4 Raf8 23. Rxf5 Nxf5 24. Qh3 h6 25. Rf1 Nxd4 26. Rxf8+ Bxf8 27.
Bd2 Qf3 28. Qxf3 Nxf3 29. Be3 d4 0-1